[Event "66 Campeonato Argentino Superior Femeni"]
[Site "Estancia Grande - San Luis"]
[Date "2013.10.01"]
[Round "1.1"]
[White "Martyniuk, Carolina Milka"]
[Black "Lujan, Carolina"]
[Result "0-1"]
[WhiteElo "1947"]
[BlackElo "2376"]
[PlyCount "64"]
[EventDate "2013.10.01"]

1. c4 Nf6 2. g3 d5 3. Bg2 g6 4. Nf3 Bg7 5. O-O O-O 6. Qc2 Nc6 7. d3 d4 8. a3 a5
9. b3 Nd7 10. Ra2 e5 11. Bd2 Qe7 12. e3 Nc5 13. exd4 exd4 14. Re1 Qd8 15. Bf4
Bf5 16. Bf1 Qd7 17. Nbd2 Ne6 18. Ne4 Nxf4 19. gxf4 Bh3 20. Ng3 Bxf1 21. Kxf1
Qg4 22. Ne5 Bxe5 23. fxe5 Rae8 24. Re4 Qh3+ 25. Kg1 Rxe5 26. f4 Rxe4 27. dxe4
Qg4 28. Qc1 d3 29. Rf2 h5 30. Kh1 Rd8 31. f5 d2 32. Rxd2 Qf3+ 0-1

[Event "66 Campeonato Argentino Superior Femeni"]
[Site "Estancia Grande - San Luis"]
[Date "2013.10.01"]
[Round "1.2"]
[White "Amura, Claudia"]
[Black "Besso, Guadalupe"]
[Result "1-0"]
[WhiteElo "2305"]
[BlackElo "1906"]
[PlyCount "71"]
[EventDate "2013.10.01"]

1. d4 Nf6 2. Bg5 Ne4 3. Bf4 d5 4. e3 g6 5. Nd2 Nxd2 6. Qxd2 Bg7 7. Bd3 O-O 8.
Nf3 c5 9. c3 Nd7 10. O-O b6 11. e4 cxd4 12. cxd4 dxe4 13. Bxe4 Ba6 14. Bxa8
Bxf1 15. Bb7 Bc4 16. Qb4 Be2 17. Re1 a5 18. Qd2 Bxf3 19. Bxf3 Nb8 20. d5 Na6
21. a3 Nc5 22. b4 Nb3 23. Qd3 Nd4 24. Be4 e6 25. Bh6 Bxh6 26. Qxd4 axb4 27.
axb4 exd5 28. Bxd5 Re8 29. Rd1 Qe7 30. g3 b5 31. Rd3 Bf8 32. Rf3 Qe1+ 33. Kg2
Re7 34. Qf4 Qa1 35. Bxf7+ Kh8 36. Bxg6 1-0

[Event "66 Campeonato Argentino Superior Femeni"]
[Site "Estancia Grande - San Luis"]
[Date "2013.10.01"]
[Round "1.3"]
[White "Brizzi, Milagros Tatiana"]
[Black "Fernandez, Maria Florencia"]
[Result "0-1"]
[WhiteElo "1855"]
[BlackElo "2180"]
[PlyCount "68"]
[EventDate "2013.10.01"]

1. e4 c5 2. Nf3 d6 3. d3 g6 4. g3 Bg7 5. Bg2 Nc6 6. O-O Nf6 7. c3 O-O 8. Re1 e5
9. a3 h6 10. b4 a6 11. Bb2 Ne8 12. Nbd2 f5 13. Qb3+ Kh7 14. d4 cxd4 15. cxd4
fxe4 16. Nxe4 d5 17. Nc5 e4 18. Ne5 Nc7 19. Rad1 Qd6 20. f4 g5 21. Nxe4 dxe4
22. Bxe4+ Bf5 23. Bxf5+ Rxf5 24. Qc2 Raf8 25. g4 gxf4 26. gxf5 Bf6 27. Qc4 Rg8+
28. Kf1 Qd8 29. Nxc6 bxc6 30. Qxc6 Nd5 31. Bc1 f3 32. Re6 Rg1+ 33. Kf2 Rxd1 34.
Kxf3 Rxd4 0-1

[Event "66 Campeonato Argentino Superior Femeni"]
[Site "Estancia Grande - San Luis"]
[Date "2013.10.01"]
[Round "1.4"]
[White "Carraro, Denise"]
[Black "Salinas, Camila"]
[Result "1-0"]
[WhiteElo "2095"]
[BlackElo "1640"]
[PlyCount "51"]
[EventDate "2013.10.01"]

1. e4 c5 2. Nf3 Nc6 3. Nc3 d6 4. d4 cxd4 5. Nxd4 Bd7 6. Be3 a6 7. f3 Nf6 8. g4
h6 9. h4 e5 10. Nde2 Be7 11. Qd2 Nxg4 12. fxg4 Bxh4+ 13. Kd1 Bxg4 14. Nd5 Be7
15. Bb6 Qd7 16. Nc7+ Kf8 17. Nxa8 Bd8 18. c3 Ne7 19. Bh3 Bxh3 20. Bxd8 Bg2 21.
Bxe7+ Kxe7 22. Nb6 Qc6 23. Nd5+ Ke6 24. Nef4+ exf4 25. Qxg2 f6 26. Qg4+ 1-0

[Event "66 Campeonato Argentino Superior Femeni"]
[Site "Estancia Grande - San Luis"]
[Date "2013.10.02"]
[Round "2.1"]
[White "Lujan, Carolina"]
[Black "Maggiolo, Elisa"]
[Result "1-0"]
[WhiteElo "2376"]
[BlackElo "2030"]
[PlyCount "57"]
[EventDate "2013.10.01"]

1. e4 c5 2. Nf3 e6 3. d4 cxd4 4. Nxd4 Nf6 5. Nc3 Nc6 6. Nxc6 bxc6 7. Bd3 Bb4 8.
e5 Nd5 9. Qg4 O-O 10. Bh6 g6 11. O-O Bxc3 12. bxc3 f5 13. Qd4 Rf7 14. c4 Qb6
15. Qh4 Ne7 16. Rab1 Qc7 17. Rfe1 Rb8 18. Bg5 Kf8 19. Rxb8 Qxb8 20. Be3 Qb4 21.
f4 Ba6 22. Qf2 Bxc4 23. Bxa7 Bxa2 24. Bc5 Qb2 25. c4 Qc3 26. Qe2 Kg7 27. h4 Nd5
28. Rf1 Nb4 29. Bxb4 1-0

[Event "66 Campeonato Argentino Superior Femeni"]
[Site "Estancia Grande - San Luis"]
[Date "2013.10.02"]
[Round "2.2"]
[White "Nejanky, Maisa"]
[Black "Amura, Claudia"]
[Result "0-1"]
[WhiteElo "2039"]
[BlackElo "2305"]
[PlyCount "76"]
[EventDate "2013.10.01"]

1. e4 c5 2. Nf3 Nc6 3. d4 cxd4 4. Nxd4 e5 5. Nb5 a6 6. Nd6+ Bxd6 7. Qxd6 Qf6 8.
Qxf6 Nxf6 9. Nc3 Nb4 10. Kd2 d6 11. a3 Nc6 12. Bd3 Be6 13. Re1 Rc8 14. b4 O-O
15. Bb2 Rfd8 16. f3 b5 17. Rad1 Rc7 18. Re3 Nd7 19. Bxb5 axb5 20. Nxb5 Rb7 21.
Nxd6 Nb6 22. Kc1 Rbd7 23. Red3 f6 24. R3d2 Kf8 25. c4 Ke7 26. c5 Nc4 27. Nxc4
Bxc4 28. Rxd7+ Rxd7 29. Re1 Rd3 30. h4 Kd7 31. Kc2 Kc7 32. h5 g6 33. Rh1 Kb7
34. Rh3 Ka6 35. Rg3 Rd7 36. Kc3 Be2 37. a4 Rd3+ 38. Kc2 Nxb4+ 0-1

[Event "66 Campeonato Argentino Superior Femeni"]
[Site "Estancia Grande - San Luis"]
[Date "2013.10.02"]
[Round "2.4"]
[White "Flores, Nancy"]
[Black "Carraro, Denise"]
[Result "0-1"]
[WhiteElo "1990"]
[BlackElo "2095"]
[PlyCount "110"]
[EventDate "2013.10.01"]

1. Nf3 c5 2. c4 Nc6 3. g3 g6 4. Nc3 Bg7 5. b3 e6 6. Bb2 Nge7 7. Bg2 O-O 8. Rc1
d5 9. cxd5 Nxd5 10. Na4 Bxb2 11. Nxb2 Qf6 12. Na4 b6 13. a3 Ba6 14. d3 Rac8 15.
Qd2 Na5 16. Rb1 Bb5 17. Nxc5 Nc3 18. Ne4 Nxe4 19. dxe4 Nxb3 20. Qb4 Qc3+ 21.
Qxc3 Rxc3 22. Nd2 Nd4 23. Bf3 Rd8 24. Kf1 Rxf3 25. Rxb5 Nxb5 26. Nxf3 Rd1+ 27.
Kg2 Rxh1 28. Kxh1 Nxa3 29. Nd2 a5 30. Kg1 a4 31. Kf1 Nc2 32. e3 a3 33. Ke2 a2
34. Nb3 a1=Q 35. Nxa1 Nxa1 36. Kd3 Nb3 37. Kc4 Nc5 38. f3 Kf8 39. Kb5 Nd7 40.
f4 Ke7 41. e5 f6 42. exf6+ Nxf6 43. Kxb6 Kd6 44. Kb5 Nd5 45. e4 Nc3+ 46. Kc4
Nxe4 47. Kd4 Nf2 48. h4 h5 49. Ke3 Ng4+ 50. Ke4 Kc5 51. f5 gxf5+ 52. Kf4 Kd4
53. Kg5 Ke3 54. Kxh5 Kf3 55. Kg6 Kxg3 0-1

[Event "66 Campeonato Argentino Superior Femeni"]
[Site "Estancia Grande - San Luis"]
[Date "2013.10.02"]
[Round "2.5"]
[White "Martinez, Ayelen"]
[Black "Martyniuk, Carolina Milka"]
[Result "1-0"]
[WhiteElo "2094"]
[BlackElo "1947"]
[PlyCount "109"]
[EventDate "2013.10.01"]

1. e4 g6 2. d4 Bg7 3. Nc3 d6 4. Bg5 a6 5. f4 Nc6 6. Nf3 Bg4 7. Ne2 d5 8. e5 Qd7
9. Qd3 Nh6 10. O-O-O Nf5 11. Ng3 h6 12. Bh4 Nxh4 13. Nxh4 Bxd1 14. Qxd1 O-O-O
15. c3 e6 16. Bd3 g5 17. Nf3 f6 18. Nh5 Qf7 19. Nd2 f5 20. h3 gxf4 21. Rf1 Ne7
22. Nb3 Ng6 23. Nxg7 Qxg7 24. Nc5 Qe7 25. Qb3 c6 26. Qb6 Rhf8 27. Nxb7 Qc7 28.
Qa7 Qb8 29. Qb6 Qc7 30. Qa7 Qb8 31. Qxb8+ Kxb8 32. Nxd8 Rxd8 33. Bxa6 Kc7 34.
Bd3 Nh4 35. Rf2 Rg8 36. Bf1 Rg3 37. a4 f3 38. gxf3 Nxf3 39. Kd1 c5 40. Be2 Ng1
41. dxc5 Nxh3 42. Rh2 f4 43. Bf1 Ng5 44. Rxh6 f3 45. b4 f2 46. Ke2 Rxc3 47.
Kxf2 d4 48. Rh4 Rf3+ 49. Kg2 Rf5 50. Rxd4 Rxe5 51. Bb5 Ne4 52. Rd7+ Kb8 53. c6
Nf6 54. c7+ Kc8 55. Ba6+ 1-0

[Event "66 Campeonato Argentino Superior Femeni"]
[Site "Estancia Grande - San Luis"]
[Date "2013.10.02"]
[Round "2.6"]
[White "Besso, Guadalupe"]
[Black "Altamiranda, Maria Elisa"]
[Result "1/2-1/2"]
[WhiteElo "1906"]
[BlackElo "1509"]
[PlyCount "139"]
[EventDate "2013.10.01"]

1. d4 Nf6 2. c4 g6 3. Nc3 Bg7 4. e4 d6 5. f4 O-O 6. Nf3 c5 7. d5 e6 8. dxe6
Bxe6 9. Bd3 Nc6 10. O-O Na5 11. Qe2 Re8 12. Ng5 Bg4 13. Qf2 h6 14. h3 Bd7 15.
Nf3 Be6 16. e5 dxe5 17. Nxe5 Nd7 18. Rd1 Nxe5 19. fxe5 Qd4 20. Be3 Qxe5 21.
Bxc5 Nxc4 22. Re1 Qf6 23. Qxf6 Bxf6 24. Ne4 Bg7 25. Bxc4 Bxc4 26. Nd6 Rxe1+ 27.
Rxe1 Bxa2 28. Nxb7 Bd5 29. Nd6 Bxb2 30. Rd1 Be6 31. Rb1 Be5 32. Rb7 Bxd6 33.
Bxd6 a5 34. Ba3 h5 35. h4 Kg7 36. Kf2 Kf6 37. Bb2+ Kf5 38. Ke3 Bc4 39. Kd4 Ba2
40. Ke3 Re8+ 41. Kf2 Bc4 42. Kg3 Re3+ 43. Kh2 Rb3 44. Rxb3 Bxb3 45. Kg3 Ke4 46.
Kf2 Kd3 47. g3 Kc2 48. Ba3 Be6 49. Ke3 Kb3 50. Be7 a4 51. Kd3 a3 52. Bf6 Bf5+
53. Kd2 Kc4 54. Ke3 Bg4 55. Kd2 Kd5 56. Kc2 Kc4 57. Kd2 a2 58. Kc2 Be6 59. Kb2
Kd3 60. Bg5 Ke4 61. Bd2 Kf5 62. Ka1 f6 63. Kb2 g5 64. hxg5 fxg5 65. Be1 Kg4 66.
Ka1 Kf3 67. Kb2 Ke2 68. Bb4 Kf3 69. Bd6 g4 70. Ka1 1/2-1/2

[Event "66 Campeonato Argentino Superior Femeni"]
[Site "Estancia Grande - San Luis"]
[Date "2013.10.02"]
[Round "3.1"]
[White "Carraro, Denise"]
[Black "Lujan, Carolina"]
[Result "0-1"]
[WhiteElo "2095"]
[BlackElo "2376"]
[PlyCount "58"]
[EventDate "2013.10.01"]

1. e4 c5 2. Nf3 e6 3. d4 cxd4 4. Nxd4 a6 5. Bd3 Bc5 6. Nb3 Be7 7. Qg4 g6 8. Qe2
d6 9. c4 Nd7 10. Bf4 b6 11. O-O Bb7 12. Nc3 h5 13. Rad1 Qc7 14. Rc1 Ne5 15. Be3
Bf6 16. Na4 Nd7 17. f4 Ne7 18. Qf2 Nc5 19. Nbxc5 dxc5 20. f5 gxf5 21. exf5 Rg8
22. Nc3 Rxg2+ 23. Qxg2 Bxg2 24. Kxg2 O-O-O 25. Be4 Bxc3 26. Rxc3 Qe5 27. Bf3
Nxf5 28. Bf4 Nh4+ 29. Kh1 Qxf4 0-1

[Event "66 Campeonato Argentino Superior Femeni"]
[Site "Estancia Grande - San Luis"]
[Date "2013.10.02"]
[Round "3.2"]
[White "Amura, Claudia"]
[Black "Fernandez, Maria Florencia"]
[Result "0-1"]
[WhiteElo "2305"]
[BlackElo "2180"]
[PlyCount "94"]
[EventDate "2013.10.01"]

1. d4 g6 2. c4 Nf6 3. Nc3 Bg7 4. e4 d6 5. Be2 O-O 6. Bg5 c5 7. d5 h6 8. Bf4 e6
9. Nf3 exd5 10. exd5 g5 11. Bc1 Bf5 12. O-O Ne4 13. Nxe4 Bxe4 14. Bd3 Re8 15.
a4 Nd7 16. Ra3 Qf6 17. Nd2 Bxd3 18. Rxd3 Qg6 19. Rb3 b6 20. f4 Re7 21. Rg3 Rae8
22. fxg5 Bd4+ 23. Kh1 Bf2 24. Rh3 Re1 25. Qf3 R8e2 26. gxh6 Kh7 27. g4 Ne5 28.
Qf5 Qxf5 29. gxf5 Rxc1 30. Rxc1 Rxd2 31. b3 Ng4 32. Rb1 Bd4 33. Rh4 Nxh6 34.
Rh3 Kg7 35. Rf1 Kh7 36. Rf4 Rd1+ 37. Kg2 Rg1+ 38. Kf3 Bf6 39. Rg3 Rb1 40. Ke4
Be5 41. Rh4 Bxg3 42. hxg3 Kg7 43. g4 f6 44. Kf4 Rxb3 45. g5 fxg5+ 46. Kxg5 Nf7+
47. Kf4 Rc3 0-1

[Event "66 Campeonato Argentino Superior Femeni"]
[Site "Estancia Grande - San Luis"]
[Date "2013.10.02"]
[Round "3.3"]
[White "Maggiolo, Elisa"]
[Black "Martinez, Ayelen"]
[Result "0-1"]
[WhiteElo "2030"]
[BlackElo "2094"]
[PlyCount "116"]
[EventDate "2013.10.01"]

1. e4 c5 2. Nf3 e6 3. c3 Nf6 4. e5 Nd5 5. d4 cxd4 6. cxd4 d6 7. Nc3 Nxc3 8.
bxc3 Qc7 9. Bd2 Nd7 10. exd6 Bxd6 11. Bd3 b6 12. O-O Bb7 13. Re1 O-O 14. h3 Bf4
15. Rc1 Bxf3 16. Bxf4 Qxf4 17. Qxf3 Qxf3 18. gxf3 Nf6 19. Red1 Rfd8 20. c4 Kf8
21. Bf1 Rd6 22. c5 bxc5 23. dxc5 Rxd1 24. Rxd1 Rc8 25. Rc1 Ke7 26. Bb5 Nd7 27.
c6 Ne5 28. f4 Nf3+ 29. Kg2 Nd4 30. a4 Rc7 31. Rc4 Nf5 32. Kf3 Kd6 33. Ke4 g6
34. Rc1 Ne7 35. Rd1+ Nd5 36. Bc4 f5+ 37. Kd4 Rxc6 38. Re1 Nxf4 39. h4 e5+ 40.
Kc3 Nd5+ 41. Kb3 Rc5 42. h5 e4 43. h6 Ke5 44. f3 Nf6 45. Kb4 Rc7 46. a5 Kf4 47.
fxe4 Nxe4 48. Bd5 Nf6 49. Bg2 Ng4 50. Kb5 Nxh6 51. Ka6 Nf7 52. Rd1 Ke5 53. Bb7
Nd6 54. Re1+ Kf4 55. Ba8 g5 56. Rd1 Nc4 57. Rc1 Rc5 58. Ra1 g4 0-1

[Event "66 Campeonato Argentino Superior Femeni"]
[Site "Estancia Grande - San Luis"]
[Date "2013.10.02"]
[Round "3.4"]
[White "Brizzi, Milagros Tatiana"]
[Black "Nejanky, Maisa"]
[Result "0-1"]
[WhiteElo "1855"]
[BlackElo "2039"]
[PlyCount "74"]
[EventDate "2013.10.01"]

1. e4 c5 2. Nf3 d6 3. d3 Nc6 4. g3 g6 5. Bg2 Bg7 6. O-O e5 7. c3 Nge7 8. a3 O-O
9. b4 h6 10. Bb2 Bg4 11. h3 Be6 12. d4 exd4 13. cxd4 cxb4 14. axb4 Bc4 15. Re1
Nxb4 16. Na3 Ba6 17. Bc3 Nbc6 18. Qb3 d5 19. e5 Qd7 20. Reb1 Rfb8 21. Nb5 Bxb5
22. Qxb5 a6 23. Qc5 b5 24. Nd2 Bf8 25. Ba5 Nxa5 26. Rxa5 Nc6 27. Qc3 Nxa5 28.
Qxa5 Rc8 29. Nb3 Rc2 30. Qb6 Rc6 31. Qa5 Rac8 32. Nc5 Bxc5 33. dxc5 Qf5 34. Rd1
Rxc5 35. Qxa6 Rc1 36. Rxc1 Rxc1+ 37. Kh2 Qxf2 0-1

[Event "66 Campeonato Argentino Superior Femeni"]
[Site "Estancia Grande - San Luis"]
[Date "2013.10.02"]
[Round "3.7"]
[White "Altamiranda, Maria Elisa"]
[Black "Salinas, Camila"]
[Result "1-0"]
[WhiteElo "1509"]
[BlackElo "1640"]
[PlyCount "93"]
[EventDate "2013.10.01"]

1. e4 d6 2. d4 Nc6 3. Nf3 g6 4. Nc3 Bg7 5. Be3 a6 6. Be2 Bg4 7. Qd2 Qd7 8. h3
Bxf3 9. Bxf3 e6 10. O-O-O O-O-O 11. Kb1 Kb8 12. d5 Na7 13. Be2 Ne7 14. a3 f5
15. dxe6 Qxe6 16. Bd4 Bxd4 17. Qxd4 Nec6 18. exf5 Qxf5 19. Qh4 Rdf8 20. f3 Qf4
21. Qxf4 Rxf4 22. Nd5 Rd4 23. Rxd4 Nxd4 24. Bc4 Rf8 25. Re1 c6 26. Nc3 d5 27.
Bd3 Rf7 28. Kc1 Kc7 29. Kd2 Kd7 30. Na4 Kd6 31. Re8 b5 32. Nc3 c5 33. Rd8+ Rd7
34. Rxd7+ Kxd7 35. Nxd5 Ne6 36. Nf6+ Ke7 37. Nxh7 Kf7 38. h4 Nc6 39. Ng5+ Nxg5
40. hxg5 Ne5 41. Ke2 Nxd3 42. Kxd3 Ke6 43. Ke4 a5 44. g4 b4 45. f4 a4 46. f5+
Kf7 47. Kd5 1-0

[Event "66 Campeonato Argentino Superior Femeni"]
[Site "Estancia Grande - San Luis"]
[Date "2013.10.03"]
[Round "4.1"]
[White "Lujan, Carolina"]
[Black "Fernandez, Maria Florencia"]
[Result "0-1"]
[WhiteElo "2376"]
[BlackElo "2180"]
[PlyCount "80"]
[EventDate "2013.10.01"]

1. e4 e6 2. d4 d5 3. Nc3 Nf6 4. e5 Nfd7 5. Nf3 c5 6. dxc5 Nc6 7. Bf4 Be7 8. h4
Nxc5 9. Bd3 a6 10. Qe2 Qa5 11. O-O Qd8 12. g3 O-O 13. Rad1 b5 14. Ng5 Nxd3 15.
Qxd3 Bxg5 16. hxg5 Qc7 17. Kg2 Ne7 18. Rh1 Ng6 19. Rh3 Bb7 20. Rdh1 d4+ 21. Ne4
Bxe4+ 22. Qxe4 Rfc8 23. Qxd4 Qc6+ 24. Kh2 Rd8 25. Qe3 Qxc2 26. Kg2 Qxb2 27. a3
Qd4 28. Rxh7 Qd5+ 29. Kg1 Qc6 30. Qe2 Qd5 31. Qh5 Qd1+ 32. Kg2 Qxh5 33. R7xh5
Rd3 34. Ra1 Rc8 35. Rhh1 Rc4 36. Bc1 Nxe5 37. Bb2 Ng4 38. Rac1 Rd2 39. Rh4 Rxb2
40. Rxc4 Ne3+ 0-1

[Event "66 Campeonato Argentino Superior Femeni"]
[Site "Estancia Grande - San Luis"]
[Date "2013.10.03"]
[Round "4.2"]
[White "Martinez, Ayelen"]
[Black "Amura, Claudia"]
[Result "0-1"]
[WhiteElo "2094"]
[BlackElo "2305"]
[PlyCount "102"]
[EventDate "2013.10.01"]

1. e4 c5 2. Nf3 Nc6 3. Bb5 Nf6 4. Bxc6 dxc6 5. d3 g6 6. O-O Bg7 7. Nc3 O-O 8.
Be3 Nd7 9. Qd2 e5 10. a3 Qe7 11. b4 f5 12. Bg5 Qd6 13. b5 f4 14. bxc6 bxc6 15.
Na4 h6 16. Qc3 hxg5 17. Qb3+ Kh8 18. Nxg5 Qf6 19. h4 Bh6 20. Nf3 Rb8 21. Qc3
Rb5 22. Rab1 Qd6 23. Nb2 Qb8 24. Nd2 Bg7 25. f3 Bf6 26. Kf2 Bxh4+ 27. Ke2 Kg7
28. Rh1 Bf6 29. Nb3 Qd6 30. Rh2 Rh8 31. Rxh8 Kxh8 32. Rh1+ Kg7 33. Nc4 Qe6 34.
a4 Rb8 35. Qa5 Rb7 36. Rh2 Qe7 37. Qe1 Rb4 38. Nba5 Rxa4 39. Qh1 Nf8 40. Rh8
Kf7 41. Nxc6 Qe6 42. N4xe5+ Ke8 43. Rxf8+ Kxf8 44. Qh6+ Kg8 45. Qxg6+ Bg7 46.
Qg5 Qf6 47. Ne7+ Kf8 48. N5g6+ Kf7 49. Qxc5 Qc3 50. Nh8+ Bxh8 51. Qh5+ Kxe7 0-1

[Event "66 Campeonato Argentino Superior Femeni"]
[Site "Estancia Grande - San Luis"]
[Date "2013.10.03"]
[Round "4.3"]
[White "Nejanky, Maisa"]
[Black "Carraro, Denise"]
[Result "1-0"]
[WhiteElo "2039"]
[BlackElo "2095"]
[PlyCount "101"]
[EventDate "2013.10.01"]

1. e4 e6 2. d4 d5 3. Nc3 Bb4 4. e5 Ne7 5. a3 Bxc3+ 6. bxc3 c5 7. Nf3 b6 8. a4
Ba6 9. Bxa6 Nxa6 10. Qe2 Nb8 11. O-O Nbc6 12. Ba3 cxd4 13. cxd4 Na5 14. Qb5+
Qd7 15. Bb4 Nec6 16. Bxa5 Nxa5 17. Qd3 Rc8 18. Nd2 O-O 19. f4 Nc4 20. Nf3 Nb2
21. Qb3 Nc4 22. Ra2 Qc7 23. Qd3 h6 24. Nh4 Na5 25. Rf3 Qc4 26. Qxc4 Rxc4 27. c3
Nb3 28. Rb2 Nc1 29. f5 Rxa4 30. Rc2 Nb3 31. Kf2 Rc4 32. Rb2 Na5 33. Ke2 g5 34.
fxg6 fxg6 35. Nxg6 Rxf3 36. gxf3 Rxc3 37. f4 Rh3 38. Ke1 Kf7 39. Rg2 Nb3 40.
Nh8+ Kf8 41. Rg6 Nxd4 42. Rf6+ Kg7 43. Ng6 a5 44. f5 Re3+ 45. Kd2 Rxe5 46. Rf7+
Kxf7 47. Nxe5+ Kf6 48. fxe6 Kxe6 49. Ng4 h5 50. Nf2 Nf3+ 51. Ke3 1-0

[Event "66 Campeonato Argentino Superior Femeni"]
[Site "Estancia Grande - San Luis"]
[Date "2013.10.03"]
[Round "4.4"]
[White "Flores, Nancy"]
[Black "Altamiranda, Maria Elisa"]
[Result "1/2-1/2"]
[WhiteElo "1990"]
[BlackElo "1509"]
[PlyCount "166"]
[EventDate "2013.10.01"]

1. Nf3 g6 2. g3 Bg7 3. c4 Nf6 4. Bg2 O-O 5. O-O d6 6. Nc3 c5 7. Rb1 Nc6 8. a3
Bf5 9. d3 Ng4 10. Bd2 a5 11. Qb3 Rb8 12. Nd5 Nge5 13. Nxe5 Bxe5 14. Bc3 Nd4 15.
Qd1 b5 16. e3 Nc6 17. cxb5 Rxb5 18. f4 Bxc3 19. bxc3 Rxb1 20. Qxb1 e6 21. Nb6
Qc7 22. Na4 e5 23. e4 Bd7 24. f5 Ne7 25. Nb2 gxf5 26. Qc1 fxe4 27. Qg5+ Ng6 28.
Bxe4 Qd8 29. Qh5 Kg7 30. Nc4 Be6 31. Ne3 d5 32. Bxg6 hxg6 33. Qxe5+ Kg8 34. Rf4
Qb8 35. Qf6 Qd8 36. Qe5 Qb8 37. Qg5 Bh3 38. Rh4 Qb1+ 39. Kf2 d4 40. cxd4 cxd4
41. Rxh3 dxe3+ 42. Qxe3 Qb2+ 43. Kf3 Qb7+ 44. Kf4 Qc7+ 45. Kf3 Qc6+ 46. Qe4
Qxe4+ 47. dxe4 Rb8 48. g4 Rb3+ 49. Kg2 a4 50. Rf3 Rb2+ 51. Kg3 Re2 52. Kf4 Rxh2
53. Rc3 Ra2 54. e5 Rf2+ 55. Kg5 Re2 56. Kf6 Rf2+ 57. Ke7 Re2 58. Kd6 Re4 59.
Rg3 Kg7 60. Kd5 Rf4 61. g5 Kf8 62. Rh3 Rg4 63. Rh8+ Ke7 64. Ra8 Kd7 65. Ra7+
Ke8 66. e6 Rxg5+ 67. Kd6 fxe6 68. Kxe6 Kd8 69. Kd6 Ke8 70. Rxa4 Rg1 71. Re4+
Kf7 72. a4 Ra1 73. Rf4+ Kg7 74. Kc6 g5 75. Rg4 Kf6 76. Kb5 Kf5 77. Rg2 g4 78.
a5 Kf4 79. a6 Kf3 80. Rb2 Rxa6 81. Rb3+ Kf2 82. Kxa6 g3 83. Rb2+ Kf1 1/2-1/2

[Event "66 Campeonato Argentino Superior Femeni"]
[Site "Estancia Grande - San Luis"]
[Date "2013.10.03"]
[Round "4.6"]
[White "Brizzi, Milagros Tatiana"]
[Black "Maggiolo, Elisa"]
[Result "0-1"]
[WhiteElo "1855"]
[BlackElo "2030"]
[PlyCount "78"]
[EventDate "2013.10.01"]

1. e4 c5 2. Nf3 e6 3. d4 cxd4 4. Nxd4 Nf6 5. Nc3 Nc6 6. Ndb5 d6 7. Bf4 e5 8.
Bg5 a6 9. Na3 b5 10. Bxf6 gxf6 11. Nd5 Bg7 12. c3 O-O 13. Bd3 Ne7 14. Qh5 f5
15. Nxe7+ Qxe7 16. exf5 e4 17. Be2 b4 18. cxb4 Bxb2 19. Rb1 Bxa3 20. Qh3 e3 21.
O-O a5 22. fxe3 Qe5 23. Bd3 Bxb4 24. Rf3 Kh8 25. Qh6 Qg7 26. Qh4 f6 27. Be4 Ra7
28. Bd5 Qe7 29. e4 Qe5 30. Qh6 Rg8 31. Rc1 Qd4+ 32. Kh1 Qd2 33. Qxd2 Bxd2 34.
Rc6 Bb4 35. a3 Bc5 36. Rb3 Bb7 37. Rxc5 dxc5 38. Rxb7 Rxb7 39. Bxb7 Rb8 0-1

[Event "66 Campeonato Argentino Superior Femeni"]
[Site "Estancia Grande - San Luis"]
[Date "2013.10.04"]
[Round "5.1"]
[White "Fernandez, Maria Florencia"]
[Black "Nejanky, Maisa"]
[Result "1-0"]
[WhiteElo "2180"]
[BlackElo "2039"]
[PlyCount "79"]
[EventDate "2013.10.01"]

1. d4 Nf6 2. c4 e6 3. Nc3 Bb4 4. e3 O-O 5. Bd3 d5 6. Nf3 c5 7. O-O Nc6 8. a3
Bxc3 9. bxc3 dxc4 10. Bxc4 Qc7 11. Qc2 e5 12. Bd3 h6 13. e4 Bg4 14. Nxe5 Nxe5
15. dxe5 Qxe5 16. f4 Qc7 17. Re1 c4 18. Bf1 Rfe8 19. e5 Nd5 20. a4 Rac8 21. Kh1
b6 22. Ba3 Nxf4 23. Qe4 g5 24. Bc1 f5 25. Qd4 Red8 26. Qf2 Ng6 27. e6 f4 28.
Qc2 Kg7 29. h3 Bh5 30. Ba3 Ne7 31. Bxc4 Qxc4 32. Bxe7 Rd3 33. Ba3 f3 34. Kh2
fxg2 35. Qf2 g4 36. hxg4 Bxg4 37. Re3 Rxe3 38. Qxe3 Qxe6 39. Qd4+ Qf6 40. Qxg4+
1-0

[Event "66 Campeonato Argentino Superior Femeni"]
[Site "Estancia Grande - San Luis"]
[Date "2013.10.04"]
[Round "5.2"]
[White "Amura, Claudia"]
[Black "Lujan, Carolina"]
[Result "1/2-1/2"]
[WhiteElo "2305"]
[BlackElo "2376"]
[PlyCount "99"]
[EventDate "2013.10.01"]

1. d4 Nf6 2. Bg5 Ne4 3. Bf4 d5 4. e3 c5 5. f3 Nf6 6. dxc5 Qa5+ 7. Nc3 Qxc5 8.
Qd4 e6 9. O-O-O Bd7 10. Bb5 Nc6 11. Qxc5 Bxc5 12. g4 a6 13. Bxc6 Bxc6 14. Nge2
Nd7 15. Kb1 b5 16. a3 Rc8 17. Rhe1 O-O 18. h3 Rfd8 19. e4 d4 20. Nxd4 Bxd4 21.
Rxd4 e5 22. Rxd7 Rxd7 23. Bxe5 a5 24. b4 axb4 25. axb4 f6 26. Bf4 Rd4 27. Na2
Bd5 28. exd5 Rxf4 29. Re3 Rd4 30. Kb2 Rxd5 31. Nc3 Rd4 32. Kb3 Rcc4 33. Nxb5
Rxb4+ 34. Kc3 Rdc4+ 35. Kd3 Rc8 36. Nd4 Rbc4 37. Re6 Kf7 38. Rd6 Rc3+ 39. Kd2
R3c7 40. h4 Ke8 41. Re6+ Re7 42. Ra6 Rd7 43. Kd3 h5 44. Ra5 hxg4 45. fxg4 Kf7
46. h5 Rxc2 47. Kxc2 Rxd4 48. g5 fxg5 49. Rxg5 Rd6 50. Kc3 1/2-1/2

[Event "66 Campeonato Argentino Superior Femeni"]
[Site "Estancia Grande - San Luis"]
[Date "2013.10.04"]
[Round "5.3"]
[White "Besso, Guadalupe"]
[Black "Martinez, Ayelen"]
[Result "0-1"]
[WhiteElo "1906"]
[BlackElo "2094"]
[PlyCount "82"]
[EventDate "2013.10.01"]

1. d4 Nf6 2. c4 g6 3. Nc3 Bg7 4. e4 d6 5. f4 O-O 6. Nf3 c5 7. d5 a6 8. Bd3 b5
9. cxb5 axb5 10. Bxb5 Nxe4 11. Nxe4 Qa5+ 12. Nc3 Bxc3+ 13. bxc3 Qxb5 14. Kf2
Qc4 15. Qd2 Nd7 16. Re1 Nf6 17. Qe2 Qxe2+ 18. Rxe2 Nxd5 19. c4 Nb4 20. Rxe7 Be6
21. Nd2 Nd3+ 22. Kg1 Rfb8 23. Ne4 Nxc1 24. Rxc1 Rxa2 25. Nc3 Rd2 26. Nb5 Bxc4
27. Nxd6 Rxd6 28. Rxc4 Rd2 29. h3 Rbb2 30. Rxc5 Rxg2+ 31. Kf1 Rgf2+ 32. Kg1
Rxf4 33. Re3 Kg7 34. Rc1 Rff2 35. Rg3 h5 36. Ra1 f6 37. Ra7+ Kh6 38. h4 Rfc2
39. Ra1 Rc4 40. Rf3 Rg4+ 41. Kf1 Rxh4 0-1

[Event "66 Campeonato Argentino Superior Femeni"]
[Site "Estancia Grande - San Luis"]
[Date "2013.10.04"]
[Round "5.4"]
[White "Carraro, Denise"]
[Black "Altamiranda, Maria Elisa"]
[Result "1-0"]
[WhiteElo "2095"]
[BlackElo "1509"]
[PlyCount "67"]
[EventDate "2013.10.01"]

1. e4 d6 2. d4 Nf6 3. Nc3 g6 4. h3 Bg7 5. g4 c6 6. Bg2 Nbd7 7. a4 c5 8. Be3
cxd4 9. Bxd4 e5 10. Be3 Nb6 11. b3 Be6 12. Nb5 Nc8 13. c4 a6 14. Nc3 Ne7 15.
Qd2 h6 16. Rd1 Qa5 17. Nge2 Rd8 18. O-O g5 19. Ng3 O-O 20. Nd5 Qxd2 21. Nxe7+
Kh7 22. Rxd2 b5 23. cxb5 axb5 24. axb5 Bxb3 25. Rb1 Bc4 26. b6 Rd7 27. Nc6 Ba6
28. Na5 Rb8 29. Bf1 Bxf1 30. Kxf1 d5 31. Nc6 Rbb7 32. Nxe5 Re7 33. Nc4 Re6 34.
Na5 1-0

[Event "66 Campeonato Argentino Superior Femeni"]
[Site "Estancia Grande - San Luis"]
[Date "2013.10.04"]
[Round "5.5"]
[White "Maggiolo, Elisa"]
[Black "Flores, Nancy"]
[Result "0-1"]
[WhiteElo "2030"]
[BlackElo "1990"]
[PlyCount "102"]
[EventDate "2013.10.01"]

1. e4 c5 2. Nf3 d6 3. Bb5+ Nd7 4. O-O a6 5. Bxd7+ Bxd7 6. Re1 Nf6 7. c3 Bc6 8.
d4 cxd4 9. cxd4 Bxe4 10. Bg5 Qa5 11. Nbd2 Bd5 12. Bxf6 gxf6 13. Ne4 O-O-O 14.
a3 Qb6 15. Nc3 Bb3 16. Qe2 e6 17. Nd2 Kb8 18. a4 Rg8 19. d5 exd5 20. Nxb3 Qxb3
21. Rad1 Qc4 22. Nxd5 Qxa4 23. b4 Rg5 24. f4 Rg6 25. Qb2 f5 26. Rc1 Qb5 27.
Red1 Rc8 28. Rxc8+ Kxc8 29. Rc1+ Kb8 30. Qd2 Re6 31. Qd4 Qe8 32. Kf2 Re2+ 33.
Kf1 Qe4 34. Qxe4 Rxe4 35. Kf2 Rd4 36. Nf6 Rxf4+ 37. Ke3 Bh6 38. Nd7+ Ka7 39.
Kd3 Rxb4 40. Rc7 Rb2 41. Nf6 Rxg2 42. Rxf7 Rxh2 43. Rxh7 Bf4 44. Rf7 Be5 45.
Nd5 Rh3+ 46. Kc4 Rh4+ 47. Kb3 f4 48. Nb4 Rh3+ 49. Kc4 Rc3+ 50. Kd5 a5 51. Na2
Rc2 0-1